'Harry Potter' Start to Finish VII Quiz Stats

Quiz Updated Jan 18, 2018

Challenge
Share
Tweet
Embed
Score 0/10 Timer 04:00
30 Plays Today
% Correct
???
100%
???
90.6%
???
81%
???
66%
???
45.2%
???
37.7%
???
37.2%
???
32.7%
???
32.4%
???
32.4%

You're not logged in!

Compare scores with friends on all Sporcle quizzes.
Sign Up with Email
OR
Log In

You Might Also Like...

Show Comments

Extras

Top Quizzes Today


Score Distribution

Your Account Isn't Verified!

In order to create a playlist on Sporcle, you need to verify the email address you used during registration. Go to your Sporcle Settings to finish the process.

Report this User

Report this user for behavior that violates our Community Guidelines.

Details: